Govt. of
Madhya Pradesh

सामान्‍य अध्‍ययन शिवास्‍त्र (Record no. 68192)

MARC details
000 -LEADER
fixed length control field 00320nam a22001097a 4500
082 ## - DEWEY DECIMAL CLASSIFICATION NUMBER
Classification number 001
100 ## - MAIN ENTRY--AUTHOR NAME
Personal name आदित्‍य रंजन सर
245 ## - TITLE STATEMENT
Title सामान्‍य अध्‍ययन शिवास्‍त्र
260 ## - PUBLICATION, DISTRIBUTION, ETC. (IMPRINT)
Place of publication Aditya ranjan Pub.
Year of publication 2025
650 ## - SUBJECT ADDED ENTRY--TOPICAL TERM
Topical Term GK
942 ## - ADDED ENTRY ELEMENTS (KOHA)
Koha item type Competitive Books
Holdings
Withdrawn status Lost status Damaged status Not for loan Home library Current library Date acquired Cost, normal purchase price Full call number Accession Number Price effective from Koha item type
        MACL MACL 26/09/2025 500.00 001 DPI003831 26/09/2025 Competitive Books